LEADER 01693nam a2200349 a 4500 001 000000128450 003 CaOOAMICUS 005 20120420111321.0 008 120420s2010 it c u000 u ita r 020 $a978-88-213-0767-6 040 $aPUL$bita 082 04$a271.79 100 1 $aBertello, Giuseppe.$0(OLS)http://pul/name/82075 245 10$aScritti e documenti sull'educazione e sulle scuole professionali :$bintroduzione, premesse, testi critici e note /$cGiuseppe Bertello ; a cura di José Manuel Prellezo. 260 $aRoma :$bLAS,$c2010. 300 $a315 p., [1] c. di tav. :$britr. ;$c24 cm. 490 1 $aIstituto storico salesiano. Roma. Fonti$aSerie seconda ;$v13 490 1 $aScritti editi e inediti di salesiani ;$v13 500 $aInclude indici. 504 $aBibliografia in nota. 650 4$aSalesiani$xEducazione.$0(OLS)http://pul/subject/38605 700 1 $aPrellezo, José Manuel.$0(OLS)http://pul/name/26607 830 0$aIstituto storico salesiano. Roma.$pFonti$nSerie seconda ;$v13.$0(OLS)http://pul/title/161628 830 0$aScritti editi e inediti di salesiani ;$v13.$0(OLS)http://pul/title/161629 850 $aPUL 852 $aPUL$W1$xSL Religione 3$y85$m271. 79 BERGI 1$j148771$qDDC 21$B147301$CPULBib$Z2$F147301 $H115505 $82 941 1 $a9 996 $6020$a978-88-213-0767-6$9(OLS)http://pul/number/149448 996 $6082$a271.79$9(OLS)http://pul/classification/1703 996 $6245$aScritti e documenti sull'educazione e sulle scuole professionali :$bintroduzione, premesse, testi critici e note$9(OLS)http://pul/title/162328 996 $6260$aRoma :$bLAS$9(OLS)http://pul/publisher/48069 LEADER 01131nam a2200277 a 4500 001 000000139079 003 CaOOAMICUS 005 20140707102612.0 008 140707s2009 it u000 u ita r 020 $a978-88-8107-270-5 040 $aPUL$bita 082 04$a126 100 1 $aSpano, Ivano.$0(OLS)http://pul/name/89700 245 12$aL'io, l'altro e l'identità :$bper una socio-psicologia del soggetto umano /$cIvano Spano. 260 $aMilano :$bGuerini scientifica,$c©2009. 300 $a255 p. ;$c21 cm 504 $aBibliografia in nota. 650 4$aIo (filosofia).$0(OLS)http://pul/subject/37378 850 $aPUL 852 $aPUL$W1$xSL Filosofia 3$y81$m126 SPAIV 1$j160650$qDDC 21$B160059$CPULBib$Z2$F160059 $H124322 $82 941 1 $a9 996 $6020$a978-88-8107-270-5$9(OLS)http://pul/number/155656 996 $6082$a126$9(OLS)http://pul/classification/1787 996 $6245$aL'io, l'altro e l'identità :$bper una socio-psicologia del soggetto umano$9(OLS)http://pul/title/176089 996 $6260$aMilano :$bGuerini scientifica$9(OLS)http://pul/publisher/69223